Central Library and Information Centre
Sibsagar Girls' College, Sivasagar : Assam

CHINTA BISITRA (Record no. 6862)

MARC details
000 -LEADER
fixed length control field 00372cam a2200169ua 4500
008 - FIXED-LENGTH DATA ELEMENTS--GENERAL INFORMATION
fixed length control field 120717n1989 II |||gr||||Z||||||asm
040 ## - CATALOGING SOURCE
Original cataloging agency MAIN
041 ## - LANGUAGE CODE
-- English
082 ## - DEWEY DECIMAL CLASSIFICATION NUMBER
Classification number 891.458 BOR
100 ## - MAIN ENTRY--PERSONAL NAME
Personal name BORA, MOHIM.
245 ## - TITLE STATEMENT
Title CHINTA BISITRA
260 ## - PUBLICATION, DISTRIBUTION, ETC.
Place of publication, distribution, etc. AGRA
Name of publisher, distributor, etc. RATAN PRAKASHAN
Date of publication, distribution, etc. 1989
300 ## - PHYSICAL DESCRIPTION
Extent 245.:
Dimensions 22CM.
942 ## - ADDED ENTRY ELEMENTS (KOHA)
Koha item type Books
653 ## - INDEX TERM--UNCONTROLLED
Uncontrolled term Prabandha
Holdings
Withdrawn status Lost status Damaged status Not for loan Collection code Home library Current library Shelving location Date acquired Full call number Barcode Date last seen Copy number Price effective from Koha item type Public note
        TBASM Central Library and Information Centre Sibsagar Girls College Central Library and Information Centre Sibsagar Girls College ASSAMESE BOOK RACK 05.02.1997 891.458 BOR 14593 27.02.2020 1 27.02.2020 Books V


Sibsagar Girl's College © 2020. All rights reserved.
Powered by Koha.
Maintained by Abhijit Borpuzari.